| 000 | 00721nam a2200229 i 4500 | ||
|---|---|---|---|
| 001 | 13820 | ||
| 003 | ES-MaACL | ||
| 005 | 20250808062714.0 | ||
| 007 | t| | ||
| 008 | 980708s1997 sp ||||1| spa d | ||
| 020 | _a84-7914-322-3 | ||
| 080 | _a17 | ||
| 100 | 1 |
_aLéonard, André. _971661 |
|
| 245 | 1 | 3 |
_aEl fundamento de la moral _b: ensayo de ética filosófica general / _cAndré Léonard. |
| 260 |
_aMadrid : _bBiblioteca de Autores Cristianos, _c[1997] |
||
| 300 |
_aXVII, 348 p. ; _c20 cm. |
||
| 490 | 1 |
_aBiblioteca de autores cristianos ; _v581 |
|
| 650 | 1 | 7 |
_aÉtica _2embne _912577 |
| 830 | 0 | 0 |
_aBiblioteca de autores cristianos _v581 _9178679 |
| 852 |
_aES-MaACL _jJ-568 _bR.126591 |
||
| 999 |
_c13820 _d13820 |
||